000 006910000a22002410004500
003 LK-CoMWRAF
008 230817t ||||| |||| 00| 0 eng d
040 _aLK-CoMWRAF
_dLK-CoMWRAF
_eLK-CoMWRAF
041 _aeng
082 _a]180
_bAHM
100 _aAhmed, Leila
245 _aWomen and Gender in Islam
_bHIstorical Root of a Modern Debate
260 _bYale University Press
_aLondon
_c1992
300 _ap.296
650 _aFeminism-Arab countries
650 _aMedieval Islam
650 _aPre-Islamic Middle East
650 _asexism-arab countries-history
650 _asocial condition
650 _aWomen -arab countries
650 _awomen,muslim-attitudes
942 _cBK
999 _c331
_d331